Irodalom Kropf Lajos: Siedelung und Agrarwesen der Westgermanen und Ostgermanéri, der Kelten, Römer, Finnen und Slaven /von August Meitzen Berlin, 1895. /

Elmentve itt :
Bibliográfiai részletek
Szerző: Kropf Lajos
Dokumentumtípus: Cikk
Megjelent: 1898
Sorozat:Magyar gazdaságtörténelmi szemle 5
Kulcsszavak:Közgazdaságtudomány, Gazdaságtörténet
Online Access:http://misc.bibl.u-szeged.hu/279
LEADER 00712nab a2200169 i 4500
001 misc279
005 20191106144216.0
008 170607s1898 hu o 0|| hun d
040 |a SZTE Miscellanea Repozitórium  |b hun 
041 |a hun 
100 1 |a Kropf Lajos 
245 1 0 |a Irodalom   |h [elektronikus dokumentum] :  |b Kropf Lajos: Siedelung und Agrarwesen der Westgermanen und Ostgermanéri, der Kelten, Römer, Finnen und Slaven /von August Meitzen Berlin, 1895. /  |c  Kropf Lajos 
260 |c 1898 
300 |a 184-186 
490 0 |a Magyar gazdaságtörténelmi szemle  |v 5 
695 |a Közgazdaságtudomány, Gazdaságtörténet 
856 4 0 |u http://misc.bibl.u-szeged.hu/279/1/gazd_tort_szeml_1898_184-186.pdf  |z Dokumentum-elérés